Claude Monet Bilder aus den Museen der UdSSR

Bibliographic Details
Main Authors: Barskaja, Anna (Author), Georgijevskaja, Jevgenija (Author)
Other Authors: Berberich, Bernd (Translator)
Format: Book
Language:German
PhysicalDescription:159, [1] s. 4°
Published: Leningrad Aurora 1984

MARC

LEADER 00000nam a2200000 a 4500
001 vtls001170524
003 SK-MaSNL
005 20260301063347.0
008 250414s1984 SU 0 ger
035 |a SNK000113505 
040 |a SNK  |b slo  |c SNK  |e AACR2 
041 0 |a ger 
044 |a [SU] 
080 |a 929 Monet, C:  |2 1981 
100 1 |a Barskaja, Anna  |4 aut  |9 310236 
245 1 0 |a Claude Monet  |b Bilder aus den Museen der UdSSR  |c Anna Barskaja, Jevgenija Georgijevskaja ; Übertr. von Bernd Berberich 
260 |a Leningrad  |b Aurora  |c 1984 
300 |a 159, [1] s.  |c 4° 
700 1 |a Georgijevskaja, Jevgenija  |4 aut  |9 379003 
700 1 |a Berberich, Bernd  |4 trl  |9 379004 
852 |a Slovenská národná knižnica 
958 |a RK 
958 |a OND 
968 |d Aus dem Russ. 
999 |c 623749  |d 625679 
952 |t P60, <04>, [BOOK], {604}  |a SNK  |b SNK  |y VYP  |7 0  |p 17A0180060  |o snkIB 54950  |0 0  |1 0  |4 0  |d 1999-02-18  |l 0  |r 2005-01-01 00:00:00  |w 2026-02-23